| 000 | 01743nam a22002415i 4500 | ||
|---|---|---|---|
| 001 | 164711 | ||
| 003 | ES-MaACL | ||
| 005 | 20230906213003.0 | ||
| 008 | 940721m17911795sp a |||| | spa d | ||
| 100 | 1 |
_aSañez Reguart, Antonio. _9132519 |
|
| 245 | 1 | 0 |
_aDiccionario historico de los [sic] artes de la pesca nacional / _cpor el comisario real de guerra de marina ... Antonio Sañez Reguart ... ; Tomo primero [-quinto]. |
| 260 |
_aMadrid : _ben la Imprenta de la Viuda de Don Joaquin Ibarra ..., _c1791-1795. |
||
| 300 |
_a4 v. ([4], XXXVI, 406, [1] p., [2], LIV h. de lám. ; [2], 142, [i.e. 442] p., [1], LX h. de lám. ; [2], 453, [1] p., [2] en bl., [1], LXXV h. de lám. ; [2], 350 p., [2] en bl., [1], LXXXV h. de lám.) ; _cFol. |
||
| 505 | 8 | _aContiene: I. A-BU - II. C-D - III. E-H - IV. J-Q. | |
| 530 | _aDisponible en formato digital. | ||
| 596 | _aMarca tip. en port. | ||
| 597 | _aSign.: a-e4, A-Z4, 2A-2Z4, 3A-3D4, 3E3 ; [ ]¹, A-Z4, 2A-2Z4, 3A-3H4, 3I6 ; [ ]¹, A-Z4, 2A-2Z4, 3A-3L4 ; [ ]¹, A-Z4, 2A-2X4 ; A-Z4, 2A-2Z4, 3A-3F4, 3G², [ ]¹. | ||
| 597 | _aError de paginación en última p. del v. 2. | ||
| 599 | _aLas h. de láminas, algunas pleg., son grabados calcográficos; las numeradas, sobre utensilios, medios, formas y técnicas de pesca; las no numeradas son un escudo real de Carlos IV adornado con motivos pesqueros, al que el autor dedica la obra, y una representación alegórica del arte de la pesca: "J.B. Bru delt. Navia sculpt." | ||
| 650 | 4 |
_aPesca- _vDiccionarios. _9171637 |
|
| 852 |
_aES-MaACL _jR-1537-40 _z- Enc. pasta española con hierros dorados _zFalta v. 5 _x Olim: G-1915-8 |
||
| 856 |
_uhttp://bdh-rd.bne.es/viewer.vm?id=0000023088&page=1 _zBiblioteca Digital Hispánica _z(5 v.) |
||
| 999 |
_c164711 _d164711 |
||